Sports Quiz

Random Sports or NFL Quiz

NFL Receiving TDs (2009) Quiz Stats

 Plays Quiz Updated Nov 5, 2018

Challenge
Share
Tweet
Embed
Score 0/95 Timer 15:00
3 Plays Today
TDs Player % Correct
13Larry Fitzgerald
95.6%
13Randy Moss
95.1%
3Santana Moss
93.7%
9Andre Johnson
90.9%
5Calvin Johnson
90.5%
3Bryant Johnson
89.9%
10Reggie Wayne
87.2%
9DeSean Jackson
86.4%
9Vincent Jackson
86.3%
7Steve Smith
85.3%
7Steve Smith
85.3%
8Sidney Rice
81.5%
11Miles Austin
81.5%
9Chad Ochocinco
80.1%
10Dallas Clark
79.1%
5Terrell Owens
78.6%
11Roddy White
78.5%
4Wes Welker
78.3%
10Brandon Marshall
76.9%
13Vernon Davis
76.9%
9Marques Colston
75.6%
6Fred Davis
75.6%
3Kellen Davis
75.4%
7Roy E. Williams
74.3%
3Carnell Williams
73.5%
8Antonio Gates
72.3%
6Hines Ward
71.9%
6Donald Driver
70.2%
4Anquan Boldin
68.7%
6Tony Gonzalez
67.6%
4Greg Jennings
65.6%
5James Jones
65.3%
TDs Player % Correct
6Jacoby Jones
65.2%
5Santonio Holmes
64.9%
6Percy Harvin
62.9%
7Derrick Mason
59.9%
4Pierre Garcon
58.5%
11Visanthe Shiancoe
56.2%
7Austin Collie
54.9%
7Lee Evans
53.5%
8Brent Celek
53.1%
6Heath Miller
53%
3Zach Miller
52.7%
3Devin Hester
52.2%
3Jeremy Shockey
50%
4Braylon Edwards
49.8%
3Reggie Bush
48.9%
6Todd Heap
48.6%
4Jeremy Maclin
46.2%
8Greg Olsen
45.9%
9Robert Meachem
45.5%
5Mario Manningham
45.1%
5Chris Chambers
44.6%
4Bernard Berrian
44.3%
4Dwayne Bowe
43.5%
5Kevin Boss
43.4%
7Mike Sims-Walker
42.2%
6Mike Wallace
41.7%
6Hakeem Nicks
41.6%
4Antonio Bryant
39%
5Owen Daniels
37.8%
3Steve Breaston
37.4%
5Jermichael Finley
36.5%
3Devin Thomas
36.2%
TDs Player % Correct
5Johnny Knox
35.9%
3Kenny Britt
33.3%
5Laveranues Coles
32.9%
3Jerricho Cotchery
32.5%
6Nate Washington
31.2%
5Kellen Winslow Jr.
31.1%
4Darren Sproles
30.9%
5Ben Watson
30.3%
5Patrick Crayton
30.2%
3Joseph Addai
30.1%
3T.J. Houshmandzadeh
29%
5Donnie Avery
28.7%
3Frank Gore
27.9%
7John Carlson
27.2%
3Nate Burleson
22.8%
3Jason Avant
22.3%
4Steve Slaton
22.1%
3Justin Gage
20.6%
4Louis Murphy
17.7%
4Brandon Stokley
17.5%
3Andre Caldwell
15.2%
3Josh Morgan
15%
3Mohamed Massaquoi
13.9%
4Devin Aromashodu
9.3%
3Brian Hartline
9%
4Spencer Havner
7.9%
3Jeff King
7%
3Mike Tolbert
4%
3Daniel Fells
3.4%
3Todd Yoder
3.3%
3Will Heller
2.7%

You're not logged in!

Compare scores with friends on all Sporcle quizzes.
OR
Log In

You Might Also Like...

Show Comments

Extras

Top Quizzes Today


Score Distribution

Your Account Isn't Verified!

In order to create a playlist on Sporcle, you need to verify the email address you used during registration. Go to your Sporcle Settings to finish the process.

Report this User

Report this user for behavior that violates our Community Guidelines.

Details: